000 00213nam a22000977a 4500
999 _c260499
_d260498
020 _a9781416997498
100 _aNeal Shusterman
245 _aEver Lost
260 _aNew York
_bSimon & Schuster
_c2006
942 _cBK